| 000 | 00881nam a2200217Ia 4500 | ||
|---|---|---|---|
| 001 | 5716 | ||
| 003 | GE_BSU | ||
| 008 | 181216s||||||||xx |||||||||||||| ||und|| | ||
| 040 | _cGE_BSU | ||
| 080 | _a517(075.8) | ||
| 100 | _aВулих, Б.З; Коломойцева,З.Д. САфарова,Г.П. | ||
| 245 | _aМатематический анализ. Числовые ряды. Интегральное исчисление для функций одной переменной. Функциональные ряды, | ||
| 245 | _bУчебник для заочников Ленинградский гос ун-т | ||
| 245 | _cПод ред. Б.З.Вулиха | ||
| 260 | _aЛенинград | ||
| 260 | _bЛенинградского ун-та | ||
| 260 | _c1970 | ||
| 300 | _a211с. 22см. | ||
| 653 | _aМатематический анализ. | ||
| 942 | _cBK | ||
| 999 |
_c39133 _d39133 |
||